000 01032nam a22003137a 4500
003 CHAP
005 20220329133610.0
008 971013s1993 r 00010 d
010 _a8392
011 _a9364
035 _a8599
040 _cCHAP
090 _aTesis
100 0 0 _aGarcía Talavera, Rogelio.
_946670
245 _aAjuste a la valuación analítica para dos predios agrícolas, en el noroeste y noreste de México
260 _aChapingo, Méx. :
_bEl autor,
_c1993
300 _a57 h
502 _aTesis (Ing. Agr. Esp. en Fitotecnia) -- UACH. Departamento de Fitotecnia
590 _aALEPH
_b10
_c20130110
_lUCH01
_h1222
590 _aBATCH-UPD
_b10
_c20130110
_lUCH01
_h1809
590 _aBATCH-UPD
_b10
_c20130410
_lUCH01
_h1144
590 _aBATCH-UPD
_b10
_c20130914
_lUCH01
_h0430
590 _aCONVERSION
_b10
_c20130109
_lUCH01
_h1306
650 1 4 _aAvalúos agrícolas.
_98471
650 1 4 _aTierras
_xValoración.
_9113268
901 _aBK
942 _cTESIS
949 _bBC
_cTES
_d-18854
_eTS1
_h26152
_i8599
_mD
_si
999 _c8392
_d8392